مكتبة جامعة عجلون الوطنية

فهرس بحث المكتبة

Normal view MARC view
  • الفقه الاسلامي - الزنا

Entry Topical Term

Number of records used in: 1

001 - CONTROL NUMBER

  • control field: 57810

003 - CONTROL NUMBER IDENTIFIER

  • control field: JO-AjAnu

005 - DATE AND TIME OF LATEST TRANSACTION

  • control field: 20230606083450.0

008 - FIXED-LENGTH DATA ELEMENTS

  • fixed length control field: 230606|| aca||aabn | a|a d

040 ## - CATALOGING SOURCE

  • Original cataloging agency: JO-AjAnu
  • Transcribing agency: JO-AjAnu

150 ## - HEADING--TOPICAL TERM

  • Topical term or geographic name entry element: الفقه الاسلامي - الزنا

670 ## - SOURCE DATA FOUND

  • Source citation: Work cat.: (JO-AjAnu)29495: اعداد العيسى، حامد علي حسين؛ اشراف محمد خلف محمد بني سلامة, author 57809, أثر جريمة الزنا على مسائل الاحوال الشخصية -دراسة فقهية مقارنة بقانون الاحوال الشخصية الاردني=Effect of Adultery crime on the personal Stuts Issues: A Jurisprudential Study compared With the Jordanian p[ersonal Stuts Act